000 01465nim a2200361 i 4500
001 197226
003 ES-MaACL
005 20250828062602.0
007 ss lsnjlcipnne
008 250424s1990 sp nnnn |||| 00| spa d
040 _bspa
_cES-MaACL
245 0 0 _aLa modernidad y lo gai
_h[Grabación sonora] :
_bconferencia /
_cpor Cristina Almeida y Francisco Umbral
260 _aMadrid :
_bAteneo de Madrid,
_c1990.
300 _a1 casete (ca. 90 min) :
_bson. ;
_c11 cm.
490 1 _3Actos culturales en el Ateneo de Madrid
518 _aGrabado el 28 de junio de 1990 en la Sala de Conferencias del Ateneo de Madrid.
520 _aConferencia sobre los derechos del colectivo LGTBI, en la que se comentan aspectos como la reforma del Código Penal.
540 _aDocumento inédito
594 _5Datos basados en la invitación.
610 2 0 _aAteneo de Madrid-
_xActos culturales-
_y1990-
_vGrabaciones sonoras
_9240083
650 4 _913469
_aHomosexualidad
653 _aArchivo de la palabra
655 0 _aConferencias
_9234444
700 1 _aAlmeida, Cristina,
_d1944-
_eora
_9241350
700 1 _9111971
_aUmbral, Francisco,
_eora
_d1932-2007
700 0 _960824
_aGuillot Carratalá, José
_emod
710 2 _aAteneo de Madrid
_ehis
_91875
830 0 _aActos culturales en el Ateneo de Madrid
_9240237
852 _aES-MaACL
_cDEPOZ
_9205347
942 _2udc
_n0
_cCINTASAUD
999 _c197226
_d197226